| 000 | 00000nas 2200000za 4500 |
| 001 | 9.866556 |
| 003 | CaOODSP |
| 005 | 20221107162056 |
| 007 | cr ||||||||||| |
| 008 | 190103d19541972oncar p oss f0###a0eng| |
| 022 | # |y0575-8564 |
| 040 | |aCaOODSP|beng |
| 043 | |an-cn--- |
| 086 | 1 |aCS32-501E-PDF |
| 086 | 1 |aCS32-504E-PDF|zCS32-504/1962E-PDF |
| 086 | 1 |aCS32-503E-PDF |
| 086 | 1 |aCS32-401E-PDF |
| 245 | 00|aFlour mills and feed mills in Canada, including prepared feed plants |h[electronic resource]. |
| 260 | |a[Ottawa] : |bDominion Bureau of Statistics, Agriculture Division, Crops Section, |c1954-1972. |
| 310 | |aAnnual |
| 362 | 1 |aBegan with 1954; ceased with 1972. |
| 490 | 1 |aReference paper |
| 500 | |aDigitized edition from print [produced by Statistics Canada]. |
| 515 | |aIssues for 1954-1962 called also v. 1, pts. 1/2-v. 5, pts. 1/2. |
| 550 | |aIssued 1972 by Statistics Canada, Crops Section. |
| 580 | |aMerger of: Flour mills in Canada, location and capacity of mills; and, Feed mills in Canada. |
| 692 | 07|2gccst|aManufacturing industry |
| 710 | 1 |aCanada. |bDominion Bureau of Statistics. |
| 780 | 00|tFlour mills in Canada, location and capacity of mills |w(CaOODSP)9.866622 |
| 780 | 00|tFeed mills in Canada |w(CaOODSP)9.866741 |